Histoire de l'art chez les anciens / (Record no. 167946)

MARC details
000 -LEADER
campo de control de longitud fija 01851nam a2200349 i 4500
001 - NÚMERO DE CONTROL
campo de control 167946
003 - IDENTIFICADOR DE NÚMERO DE CONTROL
campo de control ES-MaACL
005 - FECHA Y HORA DE LA ÚLTIMA TRANSACCIÓN
campo de control 20251012212231.0
008 - DATOS DE LONGITUD FIJA--INFORMACIÓN GENERAL
campo de control de longitud fija 950127s1794 fr acf |||| |dfre d
040 ## - FUENTE DE CATALOGACIÓN
Centro catalogador/agencia de origen EUS
Lengua de catalogación spa
Centro/agencia transcriptor EUS
100 1# - ENTRADA PRINCIPAL--NOMBRE DE PERSONA
Nombre de persona Winkelmann, Johann Joachim.
9 (RLIN) 133943
245 10 - MENCIÓN DEL TÍTULO
Título Histoire de l'art chez les anciens /
Mención de responsabilidad, etc. par Winkelmann ; traduite de l'allemand ; avec des notes historiques et critiques de differens auteurs ; tome premier.
260 ## - PUBLICACIÓN, DISTRIBUCIÓN, ETC.
Lugar de publicación, distribución, etc. A Paris :
Nombre del editor, distribuidor, etc. chez H.J. Jansen et comp...,
Fecha de publicación, distribución, etc. an II de la République Françoise... [1794]
300 ## - DESCRIPCIÓN FÍSICA
Extensión [1], cij, 695, [1] p., XXV h. de grab. :
Otras características físicas il. ;
Dimensiones 4º.
505 8# - NOTA DE CONTENIDO CON FORMATO
Nota de contenido con formato Contiene: Mémoires sur la vie et les ouvrages de Winkelmann / par M. Huber. Eloge de Winkelmann / par M. Heyne. Additions pour le premier volume.
594 ## - Nota al título y mención de responsabilidad
Nota al título y mención de responsabilidad Tít. en antep.: "Oeuvres complettes de Winkelmann : tome premier"
594 ## - Nota al título y mención de responsabilidad
Nota al título y mención de responsabilidad El trad. es Michel Huber (Larousse)
597 ## - NOTA DE DESCRIPCIÓN FÍSICA
NOTA DE DESCRIPCIÓN FÍSICA Sign.: []4, a-m4, n3, A-Z4, 2A-2Z4, 3A-3Z4, 4A-4S4.
597 ## - NOTA DE DESCRIPCIÓN FÍSICA
NOTA DE DESCRIPCIÓN FÍSICA Texto con apostillas marginales.
597 ## - NOTA DE DESCRIPCIÓN FÍSICA
NOTA DE DESCRIPCIÓN FÍSICA Port. con grab. calc.
597 ## - NOTA DE DESCRIPCIÓN FÍSICA
NOTA DE DESCRIPCIÓN FÍSICA Notas a dos col.
597 ## - NOTA DE DESCRIPCIÓN FÍSICA
NOTA DE DESCRIPCIÓN FÍSICA "Additions pour le premier volume", con port. propia.
599 ## - NOTA A LAS ILUSTRACIONES
NOTA A LAS ILUSTRACIONES Front. calc.:"Gravé d'apres le Dessin de Salesa fait sur le tableau d'Antoine Rapahél Mengs...", representando al autor.
599 ## - NOTA A LAS ILUSTRACIONES
NOTA A LAS ILUSTRACIONES Las h. de grab. son grabados calcográficos.
599 ## - NOTA A LAS ILUSTRACIONES
NOTA A LAS ILUSTRACIONES Il. son calc., algunas a toda plana.
650 #7 - PUNTO DE ACCESO ADICIONAL DE MATERIA--TÉRMINO DE MATERIA
Término de materia o nombre geográfico como elemento de entrada Arte antiguo
Fuente del encabezamiento o término embne
9 (RLIN) 145358
700 1# - ENTRADA AGREGADA--NOMBRE PERSONAL
Nombre de persona Huber, Michael,
Fechas asociadas al nombre 1727-1804
9 (RLIN) 128060
700 1# - ENTRADA AGREGADA--NOMBRE PERSONAL
Nombre de persona Heyne, Christian-Gottlob.
9 (RLIN) 127963
852 ## - LOCALIZACIÓN
Ubicación ES-MaACL
Número de control de estantería R-3137-39
Encuadernación Olim:G-7002-7
Nota libre -- Enc. pasta española con hierros grab.
Encuadernación -- Edic.: Las "Additions" tienen portadilla propia no port. -- El. front. calc. es un retrato del autor
Holdings
Estatus retirado Estado de pérdida Estado de daño No para préstamo Colección Biblioteca de origen Biblioteca actual Ubicación en estantería Fecha de adquisición Total de préstamos Signatura topográfica completa Código de barras Visto por última vez Precio de reemplazo Tipo de ítem Koha
        Libros del s. XVIII Biblioteca del Ateneo de Madrid Biblioteca del Ateneo de Madrid Depósito 17/01/2008   R-3137-39 1176195 23/02/2023 23/02/2023 Libro impreso antiguo